El pensamiento de los federales /
Guardado en:
| Otros Autores: | |
|---|---|
| Formato: | Libro |
| Publicado: |
Buenos :
El Ateneo,
2009
|
| Series: | Claves del Bicentenario. Colección Pensamiento Político Argentino
|
| Materias: | |
| Etiquetas: |
Agregar Etiqueta
Sin Etiquetas, Sea el primero en etiquetar este registro!
|
| LEADER | 01026nam a22002415a 4500 | ||
|---|---|---|---|
| 001 | CEM.cems013175 | ||
| 005 | 20090909092133.0 | ||
| 008 | 130507s2009##################000#0#####d | ||
| 003 | CEMS | ||
| 020 | |a 9789500204835 | ||
| 082 | 0 | 4 | |a 320.982 |
| 245 | 0 | 0 | |a El pensamiento de los federales / |c Prólogo de Marcela Ternavasio |
| 260 | |a Buenos : |b El Ateneo, |c 2009 | ||
| 300 | |a 287 p. | ||
| 490 | 0 | |a Claves del Bicentenario. Colección Pensamiento Político Argentino | |
| 505 | 0 | |a Los federales y el federalismo: una identidad problemática (prólogo) --Del federalismo condenado al federalismo en disputa (1810-1835) -- Del federalismo excluyente al federalismo como resistencia (1835-1870) | |
| 653 | |a Pensmiento político argentino | ||
| 653 | |a Argentina-ideas políticas | ||
| 653 | |a Federales-pensamiento | ||
| 653 | |a Historia política argetina 1810-1870 | ||
| 653 | |a Pensamiento de los federales-documentos | ||
| 700 | 1 | |a Ternavasio, Marcela, pról. | |
| 859 | |a CEMS |b BIB. CEMS - 11 de abril |h 320.982 |i P387-2 |p 25636.09 |t Ej.1 | ||
